| 000 | 00459nam a2200157 a 4500 | ||
|---|---|---|---|
| 001 | 1840 | ||
| 005 | 20140414131859.0 | ||
| 008 | 010419s19uu xx 00 eng d | ||
| 050 |
_aFIL 231 _bCh46 AB.5 |
||
| 245 |
_aIn Christ we live : _bactivity book, bk.5. |
||
| 260 |
_aManila : _bDaughter's of St. Paul, _c1987. |
||
| 300 | _a48p. : ill. ; cm. | ||
| 440 | _aThe St. Paul Way, Truth and Life Series. | ||
| 650 | _aReligion, Philippines. | ||
| 999 |
_c110597 _d110597 |
||